Statistiques concernant Capitales du monde par lettre - T

Cliquez ici pour prendre le quiz!

Statistiques générales

  • Ce quiz a été pris 571 fois
    (559 depuis la dernière actualisation)
  • Le résultat moyen est 7 sur 12

Statistiques - réponses

Answer% Correct
Tirana
75%
Téhéran
75%
Tunis
73%
Tachkent
68%
Tallinn
66%
Tokyo
64%
Taipei
63%
Tbilissi
62%
Tripoli
59%
Tegucigalpa
58%
Tarawa-Sud
41%
Thimphou
37%

Distribution des résultats

Percentile par nombre de réponses

% des personnes avec chaque résultat

Votre développement - résultats

Vous n’avez pas pris ce quiz depuis la dernière actualisation